Normal view
MARC view
Entry Topical Term
001 - CONTROL NUMBER
- control field: 4013
003 - CONTROL NUMBER IDENTIFIER
- control field: BD-RjUL
005 - DATE AND TIME OF LATEST TRANSACTION
- control field: 20220705121306.0
008 - FIXED-LENGTH DATA ELEMENTS
- fixed length control field: 220705|| aca||aabn | a|a d
040 ## - CATALOGING SOURCE
- Original cataloging agency: BD-RjUL
- Transcribing agency: BD-RjUL
150 ## - HEADING--TOPICAL TERM
- Topical term or geographic name entry element: Poets, Urdu
- Form subdivision: Biography
670 ## - SOURCE DATA FOUND
- Source citation: Work cat.: (BD-RjUL)80087: سروري ، عبد القادر [Sarvarī, ʻAbdulqādir], 1906-1971. 4011, جدید اردو شاعری [Jadīd Urdū shāʻirī]./, 1962.